000 00930nam a22002897a 4500
001 7321
003 FISKH
005 20250709135441.0
008 250709b cb ||||| |||| 00| 0 eng d
040 _aFISKH
_beng
_cFISKH
_dFISKH
050 _aQB633 .A78
082 _a525.3
100 _aArvetis, Chris
245 _aWhat makes day and night? /
_cby Chris Arvetis and Carole Palmer ; Illustrated by James Buckley
260 _aOhio :
_bNewfield Publications,
_c1984.
300 _a32 unnumbered pages :
_bcolor illustrations ;
_c24 cm
490 _aA Just Ask Book
505 _aG
520 _aExplains in simple terms why there is night and day.
521 8 _a300
_bLexile estimate
521 8 _aG
_bRaz-Plus
650 _aAstronomy
_vPicture book
_xDay and Night
_yInformational
700 _aPalmer, Carole
_eAuthor
700 _aBuckley, James
_eillustrator
942 _2ddc
_cBK
_n0
999 _c7321
_d7321